000 00554nam a2200157 a 4500
001 000033512
005 20200930070318.0
008 110830s1993 dr 000 0 spa d
040 _aDO-SdBNP
_bspa
_cBNPHU
100 1 _aAndújar Carbonell, Sócrates
_959028
245 1 0 _aAportes para un derecho agrario moderno en República Dominicana /
_cSócrates Andújar Carbonell.
260 _aSanto Domingo :
_bImp. Conadex,
_c1993.
300 _a154 p. ;
_c22 cm.
500 _aIncluye referencias bibliográficas y notas al pie de las páginas
049 _aBNPD
999 _c33003
_d33003